000 01226nam a2200313 c 4500
003 BLK
005 20180420222611.0
008 180408b bul|||||r ||||||| ||bul||
010 _aKNG00060522000
040 _aBLK
041 _aBUL
_cBUL
080 _aСоциална екология. Социално-икономически аспекти на влиянието на човека върху околната среда. Вж и 316.334.5; 502.3; 711
_b504.03
_x
_z504.03
100 1 _aГеоргиев, Павел
_eпърви автор
_9286930
700 1 _aПалавеев, Чавдар
_eсъавт.
_9286931
139 _aГеоргиев, Павел и др.
_bГ 37
245 1 0 _aЕкология и ценности
_bИзследване
_cПавел Георгиев; съавт. Чавдар Палавеев.
257 _aBGR
260 София
_bНаука и изкуство
_c1988
300 _a120 с.
_c21 см
380 _a5
650 4 _aСоциална екология
_9251839
653 _aекология
653 _aсоциална екология
852 _aЦб 151294
856 4 _qpdf
_u
856 4 _qpdf
_u
942 _cKNG
_n0
944 _aCR
_c13.06.2004
_kЧиталня
944 _aED
_c11.08.2015
_k
999 _c56540
_d56540